| 000 | 00940naa a2200277 c 4500 | ||
|---|---|---|---|
| 001 | 34893 | ||
| 003 | ES-MaCES | ||
| 005 | 20050609105500.0 | ||
| 008 | 050524n2005 sp t 000 | spa d | ||
| 035 | _aCES20050003711v | ||
| 040 |
_aES-MaCES _bspa _cES-MaCES |
||
| 100 | 1 |
_aCheca Bravo, Jesús _99540 |
|
| 245 | 1 | 3 |
_aLa nueva Ley 23/2003, de Garantías _cJesús Checa Bravo |
| 610 | 1 | 4 |
_aEspaña _tLey de garantías en la venta de bienes de consumo _d2003 _92934 |
| 650 | 4 |
_aEspaña _926964 |
|
| 650 | 4 |
_alegislación _927153 |
|
| 650 | 4 |
_aconsumidor _927902 |
|
| 650 | 4 |
_acódigo civil _930028 |
|
| 650 | 4 |
_aprotección del consumidor _929407 |
|
| 650 | 4 |
_abien de consumo _927906 |
|
| 653 | 1 | 0 | _aConsumo |
| 773 | 0 |
_tEstudios sobre consumo _gaño 18, n. 72 (2005){10419 R. 060359}; p. 9-30 _w(ES-MaCES)25429 _957305 |
|
| 902 | _aART Artículo de revista | ||
| 942 |
_2CES _cAR _h3.2. |
||
| 999 |
_c34893 _d34893 |
||